Guess The Latin American City - With Pictures - Statistics

General Stats
  • This quiz has been taken 65 times
  • The average score is 10 of 54
Answer Stats
Picture Answer % Correct
Rio de Janeiro
100%
Buenos Aires
73%
Havana
62%
Mexico City
62%
Santiago
62%
Lima
56%
Brasilia
49%
Bogota
47%
La Paz
40%
Panama City
33%
São Paulo
33%
Montevideo
29%
Caracas
24%
Nassau
24%
Asunción
20%
Ushuaia
18%
Arequipa
16%
Cancún
16%
Fortaleza
13%
Guadalajara
13%
Mendoza
13%
Quito
13%
Manaus
11%
Tijuana
11%
Curitiba
9%
Salvador
9%
San Jose
9%
Barranquilla
7%
Cartagena
7%
Cordoba
7%
Guatemala City
7%
Guayaquil
7%
La Plata
4%
Merida
4%
Paramaribo
4%
Punta del Este
4%
Recife
4%
San Salvador
4%
Santo Domingo
4%
Valparaiso
4%
Belo Horizonte
2%
Cochabamba
2%
Kingston
2%
Managua
2%
Maracaibo
2%
Mar del Plata
2%
Port of Spain
2%
Puerto Vallarta
2%
Valdivia
2%
Vitoria
2%
Antofagasta
0%
Bridgetown
0%
Puebla
0%
Tegucigalpa
0%
No matching quizzes found
Score Distribution
Percent of People with Each Score
Percentile by Number Answered
Your Score History
You have not taken this quiz